| 000 | 00406nam a22001457a 4500 | ||
|---|---|---|---|
| 008 | 230620b xxu||||| |||| 00| 0 eng d | ||
| 020 | _a9966958274 | ||
| 082 |
_a320.9 _bKSI |
||
| 100 | _cPriscilla Nyokabi Kanyau | ||
| 245 |
_aUhuru wa Upataji habari _bKitabu cha Mwananchi |
||
| 260 |
_aKenya _bTume ya kimataifa ya Wanasheria _c2006 |
||
| 300 | _a110p | ||
| 700 | _cAnne Muthoni Ndungu | ||
| 942 |
_2ddc _cBK |
||
| 999 |
_c1598 _d1598 |
||